000 00876nam a2200265Ia 4500
003 OSt
005 20221002051229.0
006 a|||||r|||| 00| 0
007 ta
008 220930b |||||||| |||| 00| 0 eng d
024 _a23701
037 _cReference Collections
040 _aCRL
_cCRL
_beng
041 _2eng
_aeng
082 _aT:3(L:573)nl,N85, M5(RR)
111 _aUnited Nations Educational, Scientific and Cultural Organization
_9348832
245 0 _aShow and tell disciplines d'Eveil Mostrar y Contar
_b A worldwide directory of nutrition teaching-learning resources
260 _aParis
_bUNESCO France
_c1985
300 _a269p.
_ccm.
500 _aNutrition education series
650 _a EDUCATION
650 _aTEACHING
_934578
942 _hT:3(L:573)nl,N85, M5(RR)
_cref
_2CC
999 _c916280
_d916280